Case Of Feline Panleukopenia Virus At Animal Clinic In takhmao town kandal province, ករណីFeline panleukopenia virus លើពិឡារនៅគ្លីនិកសត្វ​ ក្នុងក្រុងតាខ្មៅ ខេត្តកណ្ដាល (Record no. 25563)

000 -LEADER
fixed length control field 00574nam a22001217a 4500
040 ## - CATALOGING SOURCE
Transcribing agency RUA
082 ## - DEWEY DECIMAL CLASSIFICATION NUMBER
Classification number VEM TON 2025 B705 Or.1
100 ## - MAIN ENTRY--AUTHOR NAME
Personal name TON SAKADA, តន់ ស័ក្កដា
245 ## - TITLE STATEMENT
Title Case Of Feline Panleukopenia Virus At Animal Clinic In takhmao town kandal province, ករណីFeline panleukopenia virus លើពិឡារនៅគ្លីនិកសត្វ​ ក្នុងក្រុងតាខ្មៅ ខេត្តកណ្ដាល
260 ## - PUBLICATION, DISTRIBUTION, ETC. (IMPRINT)
Place of publication PHNOM PENH
Name of publisher RUA
Year of publication 2025
300 ## - PHYSICAL DESCRIPTION
Number of Pages IX,31P.
Other physical details ILL.
Dimensions 29CM.
942 ## - ADDED ENTRY ELEMENTS (KOHA)
Koha item type សារណាបទ
952 ## - LOCATION AND ITEM INFORMATION (KOHA)
Withdrawn status [LOCAL, KOHA] 0
952 ## - LOCATION AND ITEM INFORMATION (KOHA)
Withdrawn status [LOCAL, KOHA] 0
Holdings
Permanent Location Date acquired Koha item type Lost status Shelving location Barcode Current Location Full call number
Library Block B2026-03-12សារណាបទ B705c034519Library Block BVEM TON 2025 B705 Or.1
Library Block B2026-03-12សារណាបទ B705c034550Library Block BVEM TON 2025 B705 Or.1
មជ្ឈមណ្ឌលឯការនៃសាកលវិទ្យាល័យភូមិន្ទកសិកម្មចំការដូង

Powered by Koha